|
|
|
|
| LEADER |
00000nla0a2200000 4500 |
| 001 |
642053 |
| 005 |
20250122161246.0 |
| 035 |
|
|
|a (RuTPU)RU\TPU\network\6992
|
| 090 |
|
|
|a 642053
|
| 100 |
|
|
|a 20150615d2012 k||y0rusy50 ca
|
| 101 |
0 |
|
|a rus
|
| 102 |
|
|
|a RU
|
| 105 |
|
|
|a y z 100zy
|
| 135 |
|
|
|a drgn ---uucaa
|
| 181 |
|
0 |
|a i
|
| 182 |
|
0 |
|a b
|
| 200 |
1 |
|
|a К вопросу о лингвистической креативности в томской эргонимии
|f Е. С. Самсонова, О. Г. Щитова
|
| 203 |
|
|
|a Текст
|c электронный
|
| 300 |
|
|
|a Заглавие с титульного листа
|
| 320 |
|
|
|a [Библиогр.: с. 136 (3 назв.)]
|
| 461 |
|
|
|t Этнолингвистика. Ономастика. Этимология
|o материалы II Международной научной конференции, Екатеринбург, 7-11 сентября 2012 г.
|f Уральский федеральный университет (УрФУ)
|d 2012
|
| 463 |
|
|
|t Ч. 1
|v [С. 135-136]
|d 2012
|
| 610 |
1 |
|
|a электронный ресурс
|
| 610 |
1 |
|
|a труды учёных ТПУ
|
| 610 |
1 |
|
|a креативность
|
| 610 |
1 |
|
|a лингвистика
|
| 700 |
|
1 |
|a Самсонова
|b Е. С.
|c лингвист
|c доцент Томского политехнического университета, кандидат филологических наук
|f 1982-
|g Екатерина Сергеевна
|3 (RuTPU)RU\TPU\pers\24586
|9 10884
|
| 701 |
|
1 |
|a Щитова
|b О. Г.
|c филолог
|c профессор Томского политехнического университета, доктор филологических наук
|f 1957-
|g Ольга Григорьевна
|3 (RuTPU)RU\TPU\pers\29736
|9 14221
|
| 712 |
0 |
2 |
|a Национальный исследовательский Томский политехнический университет (ТПУ)
|b Институт кибернетики (ИК)
|b Кафедра иностранных языков института кибернетики (ИЯИК)
|3 (RuTPU)RU\TPU\col\18707
|
| 801 |
|
2 |
|a RU
|b 63413507
|c 20160229
|g RCR
|
| 856 |
4 |
|
|u http://www.docme.ru/doc/88072/eoe-2012-1
|
| 942 |
|
|
|c CF
|